Multiple Choice City Quiz - The Hague - Statistics

General Stats
  • This quiz has been taken 28 times
  • The average score is 7 of 10
Answer Stats
Question Answer % Correct
The official name or the local name of the Hague is B) Den Haag
95%
Which international organization is headquartered in The Hague? B) International Criminal Court
91%
The Hague is located on which coast side of the Netherlands D) West
91%
This iconic building houses the International Court of Justice (ICJ), the main judicial organ of the United Nations. B) Peace Palace
73%
The airport code for the city is B) RTM
64%
This Footballer plays for Manchester City and the Dutch national team born in this city B) Nathan Aké
59%
The term " Huis ten Bosch" denotes this thing? D) Residence of the king.
59%
Which of the following institution is not located in The Hague? C) International Organization for Migration
55%
Hague is the ____ capital of The Netherlands. A) Administrative
50%
The tallest building of the Hague with the heigh of 147m is B) Ministry of Justice and Security
23%
No matching quizzes found
Score Distribution
Percent of People with Each Score
Percentile by Number Answered
Your Score History
You have not taken this quiz